El Teatre a la ciutat de Barcelona durant el règim franquista : (1939-1954) / Enric Gallén ; pròleg de Joan-Anton Benach (1939-1954) / Enric Gallén ; pròleg de Joan-Anton Benach
Descripción Física:
440 p. ; 22 cm
Colección:
Monografies de teatre ; 19
Otros Autores:
Benach, Joan-Anton, 1936-
MARC
| LEADER | 00000nam a2200000Ia 4500 | ||
|---|---|---|---|
| 001 | 6880 | ||
| 008 | 160829s1985 xx 000 0 cat d | ||
| 080 | |a B-1-177 | ||
| 100 | 1 | |a Gallén, Enric |9 34610 | |
| 245 | |a El Teatre a la ciutat de Barcelona durant el règim franquista : |b (1939-1954) / Enric Gallén ; pròleg de Joan-Anton Benach | ||
| 260 | |a Barcelona : |b Institut del Teatre : |b Edicions 62, |c 1985 | ||
| 300 | |a 440 p. ; |c 22 cm | ||
| 490 | |a Monografies de teatre ; 19 | ||
| 650 | |a Teatre |x Barcelona |x Història |x 1939/1954 |9 20208 | ||
| 700 | 1 | |a Benach, Joan-Anton, |d 1936- |9 20209 | |
| 710 | 1 | |a Institut del Teatre (Barcelona, Catalunya) |9 52662 | |
| 901 | |a Arxiu | ||
| 942 | |n 1 | ||
| 952 | |0 0 |1 0 |4 0 |6 B1177 |7 1 |9 41490 |a Arxiu |b Arxiu |d 2016-12-01 |l 0 |o B-1-177 |p 6880 |r 2016-12-01 00:00:00 |w 2016-12-01 |y ARXIU | ||
| 999 | |c 43298 |d 43298 | ||